000 00368 a2200157 4500
001 58259
020 _a9788577750733
040 _cAnchieta - Pituba
100 _aKane, Andrea
240 1 0 _aNo lugar errado, na hora errada
_lpor
245 1 0 _aNo lugar errado, na hora errada
300 _a352
362 0 _a2008
650 4 _aFicção norte-americana
942 _cBK
999 _c58259
_d58259